Deutsche Lieder nach Buchstabe - O - Statistiken

Allgemein
  • Dieses Quiz wurde 180 mal gespielt
  • Das Durchschnittsergebnis liegt bei 4 aus 18
Antwortstatistiken
Titel Interpret % Korrekt
Ohne dich (schlaf ich heut' Nacht nicht ein) Münchener Freiheit
71%
Oh Jonny Jan Delay
61%
Ohne mein Team Bonez MC & RAF Camora feat. Maxwell
47%
Oft gefragt AnnenMayKantereit
32%
Ohne dich Selig
29%
Ohne Krimi geht die Mimi nie ins Bett Bill Ramsey
24%
OMG! Marteria
21%
Onkelz Poster Finch Asozial x Tarek K.I.Z
16%
Ordentlich t-low
10%
O mein Papa Lys Assia
9%
Ohrwurm Wise Guys
9%
Oder nicht Kontra K
8%
Ohne Reden Xatar
8%
Oida taunz! Trackshittaz
6%
Ohne dieses Gefühl Lina Larissa Strahl
4%
OK Farin Urlaub
3%
Ohne Kleider Madeline Juno
3%
Ohne dich kann das kein Sommer sein Zweikanalton
1%
Keine übereinstimmenden Quizze gefunden
Verteilung der Resultate
Anzahl Personen mit jedem Resultat
Perzentil nach korrekt beantworteten Fragen
Ihre Resultats-Entwicklung
Sie haben dieses Quiz noch nicht gespielt